00410nam a2200145Ia 4500003000400000005001700004008004100021040000900062082001700071100002400088245008700112260004500199300000900244650001100253OSt20200923122232.0190216s9999||||xx |||||||||||||| ||und|| coclc a581.4bFOS/C aFoster, Adriance S  0aComparative Morphology Of Vascular Plants /cAdriance S Foster ; Ernest M Gifford  bW H Freeman And Company,c1959.aBombay: a555p aBotany